[Event "ROM-ch U16"]
[Site "Calimanesti"]
[Date "2013.04.04"]
[Round "4"]
[White "Barbuleanu, Serban Ioan"]
[Black "Ciocanaru, Andrei"]
[Result "1-0"]
[WhiteElo "1895"]
[BlackElo "1656"]
[PlyCount "87"]
[EventDate "2013.04.02"]
[EventType "swiss"]
[EventRounds "9"]
[EventCountry "ROU"]
[SourceTitle "CBM 153 Extra"]
[Source "ChessBase"]
[SourceDate "2013.04.22"]
[SourceVersion "1"]
[SourceVersionDate "2013.04.22"]
[SourceQuality "1"]

1. e4 e6 2. d4 d5 3. Nd2 dxe4 4. Nxe4 Nd7 5. Nf3 Ngf6 6. Ng3 Be7 7. Bd3 0-0 8. Be3 b6 9. Qd2 c5 10. c3 Nd5 11. h4 Nxe3 12. fxe3 Qc7 13. Ne2 e5 14. d5 Nf6 15. Ng5 c4 16. Bc2 Rd8 17. e4 b5 18. Ng3 a5 19. a3 Bg4 20. Bd1 Bxd1 21. Qxd1 b4 22. axb4 axb4 23. 0-0 Rdb8 24. Nf5 Rxa1 25. Qxa1 h6 26. Nh3 Nxe4 27. cxb4 Bxb4 28. Qd1 Rd8 29. Qg4 Qb6+ 30. Kh1 Bf8 31. Qxe4 Qxb2 32. Qxc4 Qd2 33. d6 Bxd6 34. Nxd6 Qxd6 35. Qxf7+ Kh8 36. Qf5 Qd4 37. Qh5 Kg8 38. Rf3 Qd1+ 39. Kh2 Qd6 40. Qf7+ Kh8 41. Rg3 Rg8 42. Qg6 Qd4 43. Rg4 Qe3 44. Ng5 1-0

[Event "ROM-ch U16"]
[Site "Calimanesti"]
[Date "2013.04.03"]
[Round "2"]
[White "Barbuleanu, Serban Ioan"]
[Black "David, Alexandru Vasile"]
[Result "1/2-1/2"]
[WhiteElo "1895"]
[BlackElo "2109"]
[PlyCount "59"]
[EventDate "2013.04.02"]
[EventType "swiss"]
[EventRounds "9"]
[EventCountry "ROU"]
[SourceTitle "CBM 153 Extra"]
[Source "ChessBase"]
[SourceDate "2013.04.22"]
[SourceVersion "1"]
[SourceVersionDate "2013.04.22"]
[SourceQuality "1"]

1. e4 c6 2. d4 d5 3. Nc3 dxe4 4. Nxe4 Bf5 5. Ng3 Bg6 6. Nf3 Nd7 7. h4 h6 8. h5 Bh7 9. Bd3 Bxd3 10. Qxd3 e6 11. Bf4 Qa5+ 12. Bd2 Bb4 13. a3 Bxd2+ 14. Qxd2 Qc7 15. 0-0-0 Ngf6 16. Qe2 0-0 17. Ne5 Rad8 18. f4 c5 19. dxc5 Qxc5 20. Nxd7 Nxd7 21. Ne4 Qf5 22. Qf3 Nc5 23. Nxc5 Qxc5 24. Rxd8 Rxd8 25. Rd1 Rxd1+ 26. Kxd1 b5 27. Qa8+ Kh7 28. Qe4+ f5 29. Qf3 a5 30. Qg3 1/2-1/2

[Event "ROM-ch U14"]
[Site "Voineasa"]
[Date "2010.04.12"]
[Round "7"]
[White "Barbuleanu, Serban Ioan"]
[Black "Neaga, Horia Dumitru Iusti"]
[Result "1/2-1/2"]
[WhiteElo "1687"]
[BlackElo "1698"]
[PlyCount "63"]
[EventDate "2010.04.08"]
[EventType "swiss"]
[EventRounds "9"]
[EventCountry "ROU"]
[SourceTitle "EXT 2020"]
[Source "ChessBase"]
[SourceDate "2019.10.17"]
[SourceVersion "1"]
[SourceVersionDate "2019.10.17"]
[SourceQuality "1"]

1. e4 c5 2. c3 e6 3. d4 d5 4. exd5 exd5 5. Nf3 Nc6 6. Be2 Bd6 7. 0-0 Nge7 8. dxc5 Bxc5 9. Nbd2 0-0 10. Nb3 Bb6 11. Nbd4 Nf5 12. Nxf5 Bxf5 13. Bf4 d4 14. cxd4 Nxd4 15. Bc4 Qf6 16. Be3 Rad8 17. Nxd4 Bxd4 18. Bxd4 Rxd4 19. Qb3 Qg6 20. Rac1 Be4 21. Qg3 Qxg3 22. hxg3 Rd2 23. b4 Rfd8 24. Bb3 R2d7 25. Rfd1 g6 26. Rxd7 Rxd7 27. Rd1 Rxd1+ 28. Bxd1 Bd5 29. a3 Kg7 30. f3 Kf6 31. Kf2 h5 32. Ke3 1/2-1/2

[Event "ROM-ch U14"]
[Site "Voineasa"]
[Date "2010.04.10"]
[Round "4"]
[White "Muresan, Sergiu Cristian"]
[Black "Barbuleanu, Serban Ioan"]
[Result "0-1"]
[WhiteElo "1655"]
[BlackElo "1687"]
[PlyCount "94"]
[EventDate "2010.04.08"]
[EventType "swiss"]
[EventRounds "9"]
[EventCountry "ROU"]
[SourceTitle "EXT 2020"]
[Source "ChessBase"]
[SourceDate "2019.10.17"]
[SourceVersion "1"]
[SourceVersionDate "2019.10.17"]
[SourceQuality "1"]

1. e4 c5 2. Nf3 Nc6 3. d4 cxd4 4. Nxd4 Nf6 5. Nc3 e5 6. Ndb5 d6 7. Bg5 a6 8. Na3 b5 9. Nd5 Be7 10. Bxf6 Bxf6 11. Nxf6+ Qxf6 12. Be2 Bb7 13. c3 Qg6 14. Qd3 Qxg2 15. 0-0-0 Qg5+ 16. Kb1 Rd8 17. Rhg1 Qf6 18. Nc2 g6 19. Ne3 Ne7 20. Rgf1 Qf4 21. f3 h5 22. h3 0-0 23. Rh1 d5 24. exd5 Nxd5 25. Ng2 Qf6 26. Qc2 Nf4 27. Nxf4 Qxf4 28. Rhg1 Kh7 29. Rd3 e4 30. Rxd8 Rxd8 31. Rd1 Rxd1+ 32. Bxd1 exf3 33. Qf2 Be4+ 34. Bc2 Bxc2+ 35. Kxc2 Qe4+ 36. Kc1 Kg7 37. a3 g5 38. Qd2 Qf4 39. Qxf4 gxf4 40. Kd2 Kf6 41. Ke1 Ke5 42. Kf2 Ke4 43. b3 Kd3 44. Kxf3 Kxc3 45. Kxf4 Kxb3 46. Kg5 Kxa3 47. Kxh5 b4 0-1